| Tag |
First Indicator |
Second Indicator |
Subfields |
| LEADER |
00000cam a2200000 a 4500 |
| 001 |
in00001491421 |
| 005 |
20151021091139.0 |
| 008 |
990728s1997 mx b 000 0 spa d |
| 035 |
|
|
|a (OCoLC)41974266
|
| 035 |
|
|
|9 AJK1626AM
|
| 040 |
|
|
|a CLU
|c CLU
|d TXA
|d UtOrBLW
|
| 043 |
|
|
|a n-mx---
|a n-us---
|
| 049 |
|
|
|a TXAM
|
| 090 |
|
|
|a K4460.4
|b .W47 1997
|
| 100 |
1 |
|
|a Westin, Richard A.,
|d 1945-
|
| 245 |
1 |
0 |
|a Guía fiscal para inversiones entre México y Estados Unidos /
|c Westin--Lima.
|
| 250 |
|
|
|a 1. ed.
|
| 264 |
|
1 |
|a México, D.F. :
|b Taxxx,
|c 1997.
|
| 300 |
|
|
|a 254 pages ;
|c 23 cm.
|
| 336 |
|
|
|a text
|b txt
|2 rdacontent
|
| 337 |
|
|
|a unmediated
|b n
|2 rdamedia
|
| 338 |
|
|
|a volume
|b nc
|2 rdacarrier
|
| 500 |
|
|
|a "Richard A. Westin ... José Manuel Lima"--P. following title page.
|
| 504 |
|
|
|a Includes bibliographical references.
|
| 650 |
|
0 |
|a Taxation
|x Law and legislation
|z Mexico.
|
| 650 |
|
0 |
|a Taxation
|x Law and legislation
|z United States.
|
| 700 |
1 |
|
|a Lima, José Manuel.
|
| 948 |
|
|
|a c:dm
|
| 999 |
|
|
|a MARS
|
| 999 |
f |
f |
|s 47db6417-3b11-3785-8429-0d0c1c511054
|i cc66ff7e-5afe-3774-ae35-36060ba100ad
|t 0
|
| 952 |
f |
f |
|p ric
|a Texas A&M University
|b Rellis Campus
|c Joint Library Facility
|d Remote Storage
|t 0
|e K4460.4 .W47 1997
|h Library of Congress classification
|i unmediated -- volume
|m A14825226018
|
| 998 |
f |
f |
|a K4460.4 .W47 1997
|t 0
|l Remote Storage
|